LIBRARY & INFORMATION CENTRE, KCAET, TAVANUR

ONLINE PUBLIC ACCESS CATALOGUE (OPAC)

Kunchan Nambiar / (Record no. 3848)

MARC details
000 -LEADER
fixed length control field 00384cam a2200157ua 4500
003 - CONTROL NUMBER IDENTIFIER
control field OSt
008 - FIXED-LENGTH DATA ELEMENTS--GENERAL INFORMATION
fixed length control field 240115b |||||||| |||| 00| 0 eng d
041 ## - LANGUAGE CODE
Language code of text/sound track or separate title mal
082 ## - DEWEY DECIMAL CLASSIFICATION NUMBER
Classification number 928.94812
Item number EZH/KV
100 ## - MAIN ENTRY--AUTHOR NAME
Personal name Ezhuthachan, K S .
245 ## - TITLE STATEMENT
Title Kunchan Nambiar /
250 ## - EDITION STATEMENT
Edition statement 1 /
260 ## - PUBLICATION, DISTRIBUTION, ETC. (IMPRINT)
Place of publication Palakkad :
Name of publisher Vellinezhi publishing house ,
Year of publication 1950.
300 ## - PHYSICAL DESCRIPTION
Number of Pages 329 ; .
942 ## - ADDED ENTRY ELEMENTS (KOHA)
Koha item type Books
Holdings
Withdrawn status Lost status Damaged status Home library Current library Date acquired Cost, normal purchase price Full call number Accession Number Koha item type
Withdrawn     KAUAET Sanskrit University 07/04/2012 3.00 928.94812 95 Books
free website counter